Songs on Fearless by Taylor Swift - Statistics

General Stats
  • This quiz has been taken 9 times
  • The average score is 11 of 13
Answer Stats
Song % Correct
Fearless
100%
Love Story
100%
White Horse
100%
You Belong With Me
100%
Change
88%
The Best Day
88%
The Way I Loved You
88%
You're Not Sorry
88%
Fifteen
75%
Hey Stephen
75%
Breathe
63%
Forever And Always
63%
Tell Me Why
63%
No matching quizzes found
Score Distribution
Percent of People with Each Score
Percentile by Number Answered
Your Score History
You have not taken this quiz